000 00553nam a2200217Ia 4500
003 OSt
005 20220928144017.0
006 a|||||r|||| 00| 0
007 ta
008 220927b |||||||| |||| 00| 0 eng d
024 _a23487
037 _cTextual
040 _aSDCL
_cSDCL
_beng
041 _2eng
_aeng
082 _aO157,3M76,11, M2
100 _aChutupadhya Sharat Chandra
_9506320
245 0 _aVijya.
260 _c1982
942 _hO157,3M76,11, M2
_cTEXL
_2CC
999 _c825433
_d825433